| 000 | 00480 a2200169 4500 | ||
|---|---|---|---|
| 003 | OSt | ||
| 005 | 20240208153532.0 | ||
| 008 | 240112b |||||||| |||| 00| 0 eng d | ||
| 020 | _a9788195692491 | ||
| 040 | _coclc | ||
| 082 |
_a954.83 _bSHO/M |
||
| 100 |
_aShoukkathali, Shine _910247 |
||
| 245 |
_aMalabar viplava cheenthukal / _cShine Shoukathali |
||
| 260 |
_aKerala: _bKNM, _c2022. |
||
| 300 | _a72p | ||
| 942 |
_2ddc _cBK _h954.83 _iSHO/M _k954.83 _mSHO/M |
||
| 999 |
_c43172 _d43172 |
||